[Event "Crema op 12th"]
[Site "Crema "]
[Date "2010.09.05"]
[Round "3"]
[White "Bolico, Exfelicos"]
[Black "Ranfagni, Stefano"]
[Result "1/2-1/2"]
[WhiteElo "2160"]
[BlackElo "2011"]
[PlyCount "91"]
[EventDate "2010.09.05"]
[EventType "swiss"]
[EventRounds "6"]
[EventCountry "ITA"]
[SourceTitle "EXT 2012"]
[Source "ChessBase"]
[SourceDate "2011.11.24"]
[SourceVersion "1"]
[SourceVersionDate "2011.11.24"]
[SourceQuality "1"]

1. d4 e6 2. Nf3 f5 3. Bg5 Nf6 4. Nbd2 d5 5. e3 Be7 6. Bd3 0-0 7. 0-0 Nbd7 8. Ne5 Nxe5 9. dxe5 Ne4 10. Bxe7 Qxe7 11. f3 Nc5 12. f4 b6 13. Nf3 Ba6 14. Nd4 Nxd3 15. cxd3 c5 16. Nf3 Rfd8 17. Rf2 Bb7 18. d4 Bc6 19. Rc1 c4 20. h3 a5 21. g4 g6 22. Rg2 Kh8 23. Qe1 Rg8 24. Rcc2 b5 25. gxf5 gxf5 26. Rg5 Rxg5+ 27. Nxg5 Rg8 28. Rg2 b4 29. Kh1 Bd7 30. a3 Rg7 31. axb4 axb4 32. Qa1 h6 33. Nf3 Rxg2 34. Kxg2 Qd8 35. Qe1 Qf8 36. Ng1 Ba4 37. Ne2 Bc2 38. Ng3 b3 39. Qa5 Qc8 40. Qb6 Be4+ 41. Kf2 Qg8 42. Qc7 h5 43. Nxe4 fxe4 44. h4 Qg4 45. Qd8+ Kh7 46. Qe7+ 1/2-1/2

[Event "Crema op 12th"]
[Site "Crema "]
[Date "2010.09.05"]
[Round "4"]
[White "Rambaldi, Francesco"]
[Black "Bolico, Exfelicos"]
[Result "1-0"]
[WhiteElo "2015"]
[BlackElo "2160"]
[PlyCount "69"]
[EventDate "2010.09.05"]
[EventType "swiss"]
[EventRounds "6"]
[EventCountry "ITA"]
[SourceTitle "EXT 2012"]
[Source "ChessBase"]
[SourceDate "2011.11.24"]
[SourceVersion "1"]
[SourceVersionDate "2011.11.24"]
[SourceQuality "1"]

1. e4 c5 2. Nf3 d6 3. d4 cxd4 4. Qxd4 Nc6 5. Bb5 Bd7 6. Bxc6 Bxc6 7. Nc3 Nf6 8. Bg5 h6 9. Bxf6 gxf6 10. 0-0-0 e6 11. Rhe1 Rg8 12. g3 Be7 13. Nd5 Bxd5 14. exd5 e5 15. Qe4 Rh8 16. Nh4 Qa5 17. Qc4 Kd8 18. Nf5 Rc8 19. Qb3 Rc7 20. Re4 Qc5 21. Ne3 b5 22. Rb4 a6 23. Rd3 Kd7 24. Rc3 Qa7 25. Rxc7+ Kxc7 26. a4 Rb8 27. axb5 axb5 28. Rxb5 Rxb5 29. Qxb5 Qa1+ 30. Kd2 Qg1 31. Qc6+ Kd8 32. Qb6+ Ke8 33. Nf5 Qg2 34. Qc6+ Kd8 35. Qa8+ 1-0

[Event "Bergamo op 09th"]
[Site "Bergamo"]
[Date "2010.07.17"]
[Round "3"]
[White "Curtacci, Sergio"]
[Black "Bolico, Exfelicos"]
[Result "1-0"]
[WhiteElo "1999"]
[BlackElo "2174"]
[PlyCount "59"]
[EventDate "2010.07.16"]
[EventType "swiss"]
[EventRounds "6"]
[EventCountry "ITA"]
[SourceTitle "EXT 2024"]
[Source "ChessBase"]
[SourceDate "2023.10.10"]
[SourceVersion "1"]
[SourceVersionDate "2023.10.10"]
[SourceQuality "1"]

1. d4 Nf6 2. Nf3 g6 3. Nbd2 Bg7 4. e4 d6 5. Bd3 0-0 6. c3 Nc6 7. 0-0 e5 8. dxe5 Nxe5 9. Nxe5 dxe5 10. Qc2 c6 11. b4 Nh5 12. Re1 Be6 13. Nc4 Qc7 14. a4 Rad8 15. Be3 b6 16. Bf1 h6 17. Rad1 f5 18. f3 Nf6 19. exf5 gxf5 20. Bf2 Rxd1 21. Qxd1 Nd5 22. Qc2 Kh8 23. Nxe5 Bxe5 24. Rxe5 Qxe5 25. Bd4 Qxd4+ 26. cxd4 Bd7 27. b5 Rc8 28. Qd2 Kg7 29. Bc4 Be6 30. Qe1 1-0

[Event "Bergamo op 09th"]
[Site "Bergamo"]
[Date "2010.07.16"]
[Round "2"]
[White "Bolico, Exfelicos"]
[Black "Mrdja, Milan"]
[Result "0-1"]
[WhiteElo "2174"]
[BlackElo "2372"]
[PlyCount "64"]
[EventDate "2010.07.16"]
[EventType "swiss"]
[EventRounds "6"]
[EventCountry "ITA"]
[SourceTitle "EXT 2024"]
[Source "ChessBase"]
[SourceDate "2023.10.10"]
[SourceVersion "1"]
[SourceVersionDate "2023.10.10"]
[SourceQuality "1"]

1. d4 g6 2. Nf3 Bg7 3. e4 d6 4. Bc4 Nf6 5. Qe2 c6 6. c3 0-0 7. Bg5 h6 8. Bh4 g5 9. Bg3 Nxe4 10. Qxe4 d5 11. Qe2 dxc4 12. Qxc4 Qd5 13. Qxd5 cxd5 14. 0-0 Nc6 15. Re1 Bf5 16. Nbd2 Rac8 17. Ne5 Bxe5 18. dxe5 d4 19. f4 dxc3 20. bxc3 gxf4 21. Bxf4 Kh7 22. Nf3 Rfd8 23. Be3 Bg6 24. Rad1 b6 25. Bf2 Bh5 26. Rxd8 Nxd8 27. Re3 Ne6 28. Nd4 Nf4 29. Be1 Rc5 30. Nf5 e6 31. Nd4 Ra5 32. Re4 Nd3 0-1

[Event "Bergamo op 09th"]
[Site "Bergamo"]
[Date "2010.07.16"]
[Round "1"]
[White "Moreschi, Mauro"]
[Black "Bolico, Exfelicos"]
[Result "0-1"]
[WhiteElo "1907"]
[BlackElo "2174"]
[PlyCount "126"]
[EventDate "2010.07.16"]
[EventType "swiss"]
[EventRounds "6"]
[EventCountry "ITA"]
[SourceTitle "EXT 2024"]
[Source "ChessBase"]
[SourceDate "2023.10.10"]
[SourceVersion "1"]
[SourceVersionDate "2023.10.10"]
[SourceQuality "1"]

1. e4 c5 2. Nf3 d6 3. Bb5+ Bd7 4. Bxd7+ Nxd7 5. 0-0 Ngf6 6. Qe2 g6 7. Nc3 Bg7 8. Re1 Ng4 9. Nd5 e6 10. Ne3 Nge5 11. Nxe5 Nxe5 12. Qb5+ Qd7 13. Qxd7+ Nxd7 14. Rb1 0-0 15. Nc4 d5 16. Nd6 Be5 17. Nxb7 Bc7 18. e5 f6 19. Nd6 Rab8 20. c4 Nxe5 21. Nb5 Ba5 22. Na3 Nd3 23. Rxe6 Rbe8 24. cxd5 Nf4 25. Rxe8 Rxe8 26. Nc2 Nxd5 27. Ne3 Nb4 28. a3 Nd3 29. Kf1 f5 30. g3 g5 31. f3 Nxc1 32. Rxc1 Bxd2 33. Rxc5 Rxe3 34. Rxf5 Rb3 35. Rd5 Be3 36. Ke2 Kf7 37. Rd7+ Kf6 38. Rd6+ Kf5 39. g4+ Ke5 40. Rh6 Bd4 41. Rxh7 Rxb2+ 42. Kd3 Rb3+ 43. Kc4 Rc3+ 44. Kb4 Rxf3 45. h4 Rh3 46. h5 Kf4 47. h6 Kxg4 48. Rd7 Be3 49. h7 Kf5 50. Rd3 Ke4 51. Rd7 g4 52. Re7+ Kf3 53. Kc4 g3 54. Kd3 Bf2 55. Rf7+ Kg4 56. Ke2 Kg5 57. Kf3 Kg6 58. Rd7 Rxh7 59. Rd5 Re7 60. a4 Re3+ 61. Kg2 Re4 62. a5 Kf6 63. a6 Ke6 0-1

[Event "Bergamo op 8th"]
[Site "Bergamo"]
[Date "2009.07.18"]
[Round "3"]
[White "Bolico, Exfelicos"]
[Black "Kimbin, Richard Conrod"]
[Result "1/2-1/2"]
[WhiteElo "2190"]
[BlackElo "1907"]
[PlyCount "60"]
[EventDate "2009.07.17"]
[EventType "swiss"]
[EventRounds "6"]
[EventCountry "ITA"]
[SourceTitle "EXT 2012"]
[Source "ChessBase"]
[SourceDate "2011.11.24"]
[SourceVersion "1"]
[SourceVersionDate "2011.11.24"]
[SourceQuality "1"]

1. d4 Nf6 2. Nf3 g6 3. Bg5 Bg7 4. Nbd2 d6 5. e4 Bg4 6. Be2 0-0 7. h3 Bxf3 8. Bxf3 Nbd7 9. Qe2 c6 10. c3 Rc8 11. 0-0 Qa5 12. e5 dxe5 13. Nc4 Qd8 14. dxe5 Nd5 15. e6 Nc5 16. exf7+ Rxf7 17. Bg4 Rc7 18. Rad1 Qe8 19. Ne5 Rf8 20. b4 Na4 21. Rxd5 cxd5 22. Nd7 Rf7 23. Qb5 Nxc3 24. Nf6+ Rxf6 25. Qxe8+ Rf8 26. Qxe7 Rxe7 27. Bxe7 Re8 28. Bg5 Nxa2 29. Bd7 Re2 30. Bg4 Re8 1/2-1/2

[Event "Brescia op"]
[Site "Brescia"]
[Date "2009.06.07"]
[Round "2"]
[White "Ignacz, Rozsa"]
[Black "Bolico, Exfelicos"]
[Result "0-1"]
[WhiteElo "2099"]
[BlackElo "2194"]
[PlyCount "58"]
[EventDate "2009.06.06"]
[EventType "swiss"]
[EventRounds "9"]
[EventCountry "ITA"]
[SourceTitle "EXT 2010"]
[Source "ChessBase"]
[SourceDate "2010.11.25"]
[SourceVersion "1"]
[SourceVersionDate "2010.11.25"]
[SourceQuality "1"]

1. d4 Nf6 2. c4 g6 3. Nc3 Bg7 4. Nf3 d6 5. Bg5 Nbd7 6. e3 0-0 7. Be2 c6 8. 0-0 h6 9. Bxf6 Nxf6 10. h3 Qc7 11. Re1 e5 12. Qc2 Bf5 13. Bd3 Bxd3 14. Qxd3 Rad8 15. Qc2 Qe7 16. dxe5 dxe5 17. Red1 Nd7 18. Rd2 f5 19. Rad1 e4 20. Nd4 Nc5 21. Nce2 Nd3 22. Nc1 c5 23. Nb5 Nxb2 24. Rxd8 Rxd8 25. Rxd8+ Qxd8 26. Nxa7 Qa5 27. Nb5 Qe1+ 28. Kh2 Be5+ 29. g3 Nd3 0-1

[Event "Brescia op"]
[Site "Brescia"]
[Date "2009.06.06"]
[Round "1"]
[White "Bolico, Exfelicos"]
[Black "Rombaldoni, Axel"]
[Result "0-1"]
[WhiteElo "2194"]
[BlackElo "2363"]
[PlyCount "70"]
[EventDate "2009.06.06"]
[EventType "swiss"]
[EventRounds "9"]
[EventCountry "ITA"]
[SourceTitle "EXT 2010"]
[Source "ChessBase"]
[SourceDate "2010.11.25"]
[SourceVersion "1"]
[SourceVersionDate "2010.11.25"]
[SourceQuality "1"]

1. d4 f5 2. c4 Nf6 3. Nf3 e6 4. Nc3 Bb4 5. Bg5 0-0 6. Rc1 d6 7. g3 c6 8. Bg2 Nbd7 9. 0-0 h6 10. Bd2 Qe8 11. a3 Bxc3 12. Bxc3 Ne4 13. b4 Ndf6 14. Nd2 Nxc3 15. Rxc3 e5 16. dxe5 dxe5 17. e4 f4 18. Qe2 Nh7 19. h4 g5 20. gxf4 gxf4 21. Bh3 Kh8 22. Kh1 Bxh3 23. Rxh3 Rg8 24. Nf3 Qh5 25. Rg1 Ng5 26. Rxg5 hxg5 27. Nd4 g4 28. Nf5 Rad8 29. Rd3 Qh7 30. Rxd8 Rxd8 31. Qb2 Qc7 32. Kg2 Kh7 33. c5 Rd3 34. Nd6 Qe7 35. Nf5 Qe6 0-1

[Event "Verona op 3rd"]
[Site "Verona"]
[Date "1997.??.??"]
[Round "1"]
[White "Bolico, Exfelicos"]
[Black "Guido, Flavio"]
[Result "0-1"]
[WhiteElo "2215"]
[BlackElo "2300"]
[PlyCount "52"]
[EventDate "1997.??.??"]
[EventType "swiss"]
[EventRounds "7"]
[EventCountry "ITA"]
[SourceTitle "CBM 056 Extra"]
[Source "ChessBase"]
[SourceDate "1997.03.01"]
[SourceVersion "1"]
[SourceVersionDate "1997.03.01"]
[SourceQuality "1"]

1. d4 f5 2. Nf3 Nf6 3. c4 g6 4. Nc3 Bg7 5. g3 0-0 6. Bg2 d6 7. 0-0 Nc6 8. d5 Na5 9. Nd2 c5 10. e4 f4 11. Ne2 fxg3 12. hxg3 Ng4 13. Qc2 g5 14. Nb3 Nxb3 15. axb3 h6 16. f3 Ne5 17. f4 Ng4 18. fxg5 Rxf1+ 19. Bxf1 Qf8 20. Nf4 hxg5 21. Nh3 Bd4+ 22. Kg2 Qh6 23. Bxg5 Qxh3+ 24. Kxh3 Ne3+ 25. Kh2 Nxc2 26. Rc1 Be3 0-1

[Event "Jakarta op"]
[Site "Jakarta"]
[Date "1997.??.??"]
[Round "?"]
[White "Bolico, Exfelicos"]
[Black "Kayumov, Dimitry"]
[Result "0-1"]
[WhiteElo "2215"]
[BlackElo "2450"]
[PlyCount "140"]
[EventDate "1997.??.??"]
[EventType "swiss"]
[EventRounds "9"]
[EventCountry "INA"]
[SourceTitle "EXT 2000"]
[Source "ChessBase"]
[SourceDate "1999.11.16"]
[SourceVersion "1"]
[SourceVersionDate "1999.11.16"]
[SourceQuality "1"]

1. d4 Nf6 2. c4 e6 3. g3 Bb4+ 4. Bd2 Be7 5. Bg2 d5 6. Nf3 0-0 7. 0-0 c6 8. Bc3 dxc4 9. Ne5 b5 10. Bxc6 Nxc6 11. Nxc6 Qc7 12. Nxe7+ Qxe7 13. Ba5 Bb7 14. a3 e5 15. Nc3 Qd7 16. e3 Rfe8 17. f3 exd4 18. Qxd4 Qxd4 19. exd4 a6 20. Kf2 Re6 21. Rfe1 h5 22. Rxe6 fxe6 23. Re1 Rf8 24. f4 Kf7 25. h3 g6 26. Re5 Bd5 27. Rg5 Rc8 28. Ke3 Bg2 29. h4 Bd5 30. Kd2 Rc6 31. Bb4 Rc7 32. Ke2 Rd7 33. Bc5 Bc6 34. Bb6 Bd5 35. Ke3 Ng4+ 36. Ke2 Nh6 37. Re5 Bc6 38. Ne4 Bxe4 39. Rxe4 Ng4 40. Kf3 Nf6 41. Re5 Nd5 42. Ba5 Ne7 43. Bb6 Nc6 44. Re4 Kf6 45. g4 hxg4+ 46. Kxg4 Ne7 47. Ba5 Rd5 48. Re5 Nc6 49. Rxd5 exd5 50. Bd2 a5 51. Be1 b4 52. axb4 axb4 53. Bd2 c3 54. bxc3 b3 55. Bc1 Na5 56. f5 gxf5+ 57. Kf4 Nc4 58. h5 b2 59. Bxb2 Nxb2 60. h6 Na4 61. h7 Kg7 62. Kxf5 Nxc3 63. h8Q+ Kxh8 64. Kf6 Kh7 65. Kf7 Kh6 66. Kf6 Kh5 67. Kf5 Kh4 68. Kf4 Kh3 69. Kf3 Kh2 70. Kf2 Nb5 0-1

[Event "Milan Crespi op 17th"]
[Site "Milan"]
[Date "1996.12.23"]
[Round "9"]
[White "Rossi, Giampiero"]
[Black "Bolico, Exfelicos"]
[Result "1-0"]
[WhiteElo "2105"]
[BlackElo "2220"]
[PlyCount "81"]
[EventDate "1996.12.15"]
[EventType "swiss"]
[EventRounds "8"]
[EventCountry "ITA"]
[SourceTitle "EXT 2023"]
[Source "ChessBase"]
[SourceDate "2022.10.05"]
[SourceVersion "1"]
[SourceVersionDate "2022.10.05"]
[SourceQuality "1"]

1. d4 Nf6 2. c4 c5 3. dxc5 e6 4. Nc3 Bxc5 5. Nf3 0-0 6. a3 a5 7. Bg5 h6 8. Bh4 Be7 9. e3 Nc6 10. Be2 b6 11. 0-0 Bb7 12. Rc1 d5 13. cxd5 Nxd5 14. Nxd5 Bxh4 15. Nxh4 exd5 16. Nf3 Re8 17. Bb5 Rc8 18. Qd2 Re6 19. Bxc6 Rexc6 20. Rxc6 Rxc6 21. Rc1 Qc8 22. Rxc6 Qxc6 23. Nd4 Qg6 24. Qc2 Qxc2 25. Nxc2 Ba6 26. Nd4 Kf8 27. f3 g6 28. Kf2 a4 29. Ke1 Ke7 30. Kd2 Kd6 31. Kc3 Ke5 32. g4 Bc8 33. h3 Bd7 34. h4 h5 35. gxh5 gxh5 36. Ne2 Bf5 37. Nf4 Bg6 38. Nxg6+ fxg6 39. e4 dxe4 40. fxe4 Kxe4 41. Kd2 1-0

[Event "Edoardo Crespi mem 17th"]
[Site "Milan"]
[Date "1996.??.??"]
[Round "7"]
[White "Bolico, Exfelicos"]
[Black "Lanzani, Mario"]
[Result "0-1"]
[WhiteElo "2220"]
[BlackElo "2355"]
[PlyCount "108"]
[EventDate "1996.12.15"]
[EventType "swiss"]
[EventRounds "9"]
[EventCountry "ITA"]
[SourceTitle "EXT 1998"]
[Source "ChessBase"]
[SourceDate "1997.11.17"]
[SourceVersion "1"]
[SourceVersionDate "1997.11.17"]
[SourceQuality "1"]

1. d4 d5 2. c4 c6 3. g3 Nf6 4. Bg2 Bf5 5. Nf3 e6 6. 0-0 h6 7. Nc3 Nbd7 8. Nd2 Be7 9. e4 dxe4 10. Ncxe4 Nxe4 11. Bxe4 Bxe4 12. Nxe4 Nf6 13. Re1 0-0 14. Bf4 Nxe4 15. Rxe4 Bf6 16. Qb3 Qb6 17. Qc3 Rfd8 18. c5 Qa6 19. Bd6 Rd7 20. f4 Be7 21. Bxe7 Rxe7 22. f5 Rae8 23. Qe3 f6 24. fxe6 Qc4 25. b3 Qd5 26. Re1 a5 27. a3 Kh8 28. Qc3 Rxe6 29. Rxe6 Rxe6 30. Rxe6 Qxe6 31. Kf2 Qf5+ 32. Kg2 Qe4+ 33. Kf2 Kh7 34. a4 Kg6 35. h4 Kf5 36. b4 axb4 37. Qxb4 Kg4 38. Qc3 Qf5+ 39. Ke2 Qe6+ 40. Kd2 f5 41. Qd3 Qa2+ 42. Ke1 Qxa4 43. Qe2+ Kxg3 44. Qe5+ f4 45. Qxg7+ Kf3 46. Kd2 Qb4+ 47. Kc2 Qc4+ 48. Kd2 Kf2 49. Qf6 f3 50. h5 Qe2+ 51. Kc3 Qe3+ 52. Kc2 Ke2 53. Qh4 Qd3+ 54. Kb2 f2 0-1

[Event "Marostica op"]
[Site "Marostica"]
[Date "1995.??.??"]
[Round "8"]
[White "Aranovitch, Emiliano"]
[Black "Bolico, Exfelicos"]
[Result "1-0"]
[WhiteElo "1965"]
[BlackElo "2200"]
[PlyCount "27"]
[EventDate "1995.??.??"]
[EventType "swiss"]
[EventRounds "9"]
[EventCountry "ITA"]
[SourceTitle "EXT 1999"]
[Source "ChessBase"]
[SourceDate "1998.11.16"]
[SourceVersion "1"]
[SourceVersionDate "1998.11.16"]
[SourceQuality "1"]

1. e4 c6 2. d4 d5 3. exd5 cxd5 4. c4 e6 5. Nf3 Nf6 6. Nc3 Nc6 7. c5 b6 8. b4 bxc5 9. bxc5 Ne4 10. Bd2 Be7 11. Bb5 Bd7 12. 0-0 0-0 13. Re1 Nxd2 14. Qxd2 1-0

[Event "Marostica op"]
[Site "Marostica"]
[Date "1995.??.??"]
[Round "3"]
[White "Bolico, Exfelicos"]
[Black "Nurkic, Sahbaz"]
[Result "0-1"]
[WhiteElo "2200"]
[BlackElo "2420"]
[PlyCount "78"]
[EventDate "1995.??.??"]
[EventType "swiss"]
[EventRounds "9"]
[EventCountry "ITA"]
[SourceTitle "EXT 1999"]
[Source "ChessBase"]
[SourceDate "1998.11.16"]
[SourceVersion "1"]
[SourceVersionDate "1998.11.16"]
[SourceQuality "1"]

1. d4 Nf6 2. Nf3 c5 3. e3 b6 4. Be2 Bb7 5. 0-0 g6 6. c4 Bg7 7. Nc3 0-0 8. b3 d6 9. Bb2 a6 10. Qc2 cxd4 11. exd4 Nbd7 12. Rad1 Rc8 13. Qb1 e6 14. Rfe1 Qc7 15. Nd2 Qb8 16. Bf3 Bxf3 17. Nxf3 b5 18. cxb5 axb5 19. Qd3 b4 20. Nb5 Nd5 21. a4 bxa3 22. Nxa3 Rc6 23. Nd2 Nb4 24. Qb1 d5 25. Rc1 Ra6 26. Nf3 Qb6 27. Rc3 Rfa8 28. Nc2 Nc6 29. Rc1 Bh6 30. Ne3 Nb4 31. Rc7 R6a7 32. Rc8+ Kg7 33. Rxa8 Rxa8 34. Rc3 Nf6 35. Nd2 Qb5 36. h3 Qe2 37. Ndf1 Ne4 38. Rc2 Nxc2 39. Qxc2 Qxc2 0-1

[Event "Marostica op"]
[Site "Marostica"]
[Date "1995.??.??"]
[Round "4"]
[White "Van Eijck, E."]
[Black "Bolico, Exfelicos"]
[Result "1-0"]
[WhiteElo "2100"]
[BlackElo "2200"]
[PlyCount "69"]
[EventDate "1995.??.??"]
[EventType "swiss"]
[EventRounds "9"]
[EventCountry "ITA"]
[SourceTitle "EXT 1999"]
[Source "ChessBase"]
[SourceDate "1998.11.16"]
[SourceVersion "1"]
[SourceVersionDate "1998.11.16"]
[SourceQuality "1"]

1. Nc3 g6 2. Nf3 Bg7 3. e4 d6 4. Bc4 e5 5. d4 Nc6 6. dxe5 Nxe5 7. Nxe5 Bxe5 8. 0-0 Be6 9. Bxe6 fxe6 10. f4 Bg7 11. f5 Qf6 12. Be3 0-0-0 13. Qd2 Ne7 14. Nb5 Nc6 15. Bg5 Qxb2 16. Rab1 Qe5 17. Bxd8 Rxd8 18. fxe6 a6 19. Nxc7 Qxe4 20. Kh1 Be5 21. Qd5 Qh4 22. g3 Bxg3 23. Qg2 Bxh2 24. Qxh2 Qe4+ 25. Kg1 Qc4 26. Qg2 Qd4+ 27. Kh2 Qe5+ 28. Qg3 Qh5+ 29. Kg2 Kxc7 30. Rf7+ Kc8 31. Rbxb7 Qe2+ 32. Qf2 Qe4+ 33. Kf1 Qc4+ 34. Ke1 Qc3+ 35. Qd2 1-0